AI Company Logos - Statistics

General Stats
  • This quiz has been taken 65 times
  • The average score is 4 of 8
Answer Stats
Picture Answer % Correct
ChatGPT
100%
Gemini
84%
Grok
65%
Deepseek
58%
Claude
49%
Meta AI
40%
Apple Intelligence
26%
Midjourney
9%
No matching quizzes found
Score Distribution
Percent of People with Each Score
Percentile by Number Answered
Your Score History
You have not taken this quiz